| 000 | 00891nam a2200217 a 4500 | ||
|---|---|---|---|
| 001 | 001041208 | ||
| 003 | AM-YeHGA | ||
| 005 | 20250617161909.0 | ||
| 008 | 141016s1940 ||||||||||||||||||||rus|c | ||
| 040 | _aAM-YeHGA | ||
| 041 | 0 | _arus | |
| 100 | 1 | _aПаносян, А.К. | |
| 245 | 1 | 0 |
_aОкисление серы и серного колчедана в засоленных и не засоленных почвах Армянской ССР и Сульфофикаторы солончаковых почв / _cА.К. Паносян ; С.-Х. ин-т Арм.ССР. |
| 260 |
_aЕреван : _bСХИ, _c1940. |
||
| 300 |
_a71 с. : _bил. ; _c22 см. |
||
| 504 | _aЛит. : с. 65-69 | ||
| 650 | 1 | 4 |
_aПочвы _zАрмянская ССР |
| 710 | 2 | _aСельскохозяйственный институт Армянской ССР | |
| 942 |
_2udc _cBK |
||
| 090 | _c482713 | ||
| 999 |
_c479367 _d479367 |
||